000 00690nam a22002057a 4500
003 0
005 20230926124905.0
008 230926b xxu||||| |||| 00| 0 eng d
020 _a978-1-264-87879-6
050 _aQA 157
_b.M33 2023
100 _aMcCune, Sandra Luna
245 _a Easy algebra step-by-step : master the concepts of algebra and become proficient... quickly!
_cSandra Luna McCune
250 _aThird edition
260 _aNew York
_bMcGraw Hill
_cc2023.
300 _aix, 289 pages ;
_c23 cm.
500 _aAlgebra--problems, exercises.
504 _aIncludes bibliographical references and index.
650 _aAlgebra--problems, exercises.
942 _2lcc
_cBK
999 _c365412
_d365412